[Event "6th LCT GpA 2012"]
[Site "Leiden NED"]
[Date "2012.07.07"]
[Round "2.15"]
[White "Roorda, Thijs"]
[Black "Goudriaan, Etienne"]
[Result "1-0"]
[BlackTitle "FM"]
[WhiteElo "2025"]
[BlackElo "2375"]
[WhiteFideId "1027930"]
[BlackFideId "1021150"]
[EventDate "2012.07.06"]

1. c4 Nf6 2. Nc3 e6 3. e4 d5 4. cxd5 exd5 5. e5 Nfd7 6. d4 Nb6 7. f4 Nc6 8. Nf3
Be7 9. Be3 Bf5 10. Rc1 Qd7 11. Bf2 h6 12. h3 a6 13. g4 Be4 14. Bd3 Bxd3 15. Qxd3
h5 16. Ke2 Nb4 17. Qf5 Qc6 18. gxh5 Qc4+ 19. Kd2 Nxa2 20. e6 O-O-O 21. Ne5 Qb3
22. Nxa2 Qxa2 23. exf7+ Kb8 24. Ng6 Qxb2+ 25. Rc2 Nc4+ 26. Ke2 Qb5 27. Qd3 Rhf8
28. Nxe7 Rxf7 29. Ng6 Re8+ 30. Kf3 Rfe7 31. Rc3 Re4 32. Ne5 Rf8 33. Ng6 Rfe8 34.
Ne5 Rf8 35. Ng6 Rf5 36. Rxc4 Rxh5 37. Rc3 Qd7 38. Kg2 Qf5 39. Ne5 Qxf4 40. Bg3
Qf5 41. Ng4 Rh8 42. Rxc7 Ka8 43. Nf2 Rf8 44. Nxe4 dxe4 45. Qf1 1-0

[Event "6th LCT GpA 2012"]
[Site "Leiden NED"]
[Date "2012.07.07"]
[Round "2.16"]
[White "Slingerland, Fred"]
[Black "Van Halderen, Herman"]
[Result "0-1"]
[WhiteTitle "IM"]
[WhiteElo "2360"]
[BlackElo "2062"]
[WhiteFideId "1002473"]
[BlackFideId "1026682"]
[EventDate "2012.07.06"]

1. e4 c5 2. Nf3 d6 3. d4 cxd4 4. Nxd4 Nf6 5. Nc3 a6 6. Be2 e5 7. Nb3 Be7 8. Bg5
O-O 9. Bxf6 Bxf6 10. Qd3 Be6 11. Rd1 Be7 12. Nd5 Bg5 13. g3 Nd7 14. h4 Bxd5 15.
Qxd5 Be7 16. Qxb7 Nf6 17. Bf3 a5 18. a4 Rb8 19. Qa6 Qc8 20. Qe2 Rb4 21. O-O Qc7
22. Rd2 Rxa4 23. c3 Rb8 24. Nc1 Rc4 25. Rc2 d5 26. exd5 Bd6 27. Bg2 e4 28. Re1
h5 29. Qd2 a4 30. Ne2 Bc5 31. d6 Bxd6 32. Nd4 Bc5 33. Nf5 Ng4 34. Qg5 g6 35. Bf1
Kf8 36. Qf4 Bxf2+ 37. Rxf2 e3 38. Nxe3 Rxf4 39. Rxf4 Rxb2 40. Bc4 Nxe3 41. Rxe3
f5 42. Re6 Kg7 43. Ra6 Qb7 44. Bf1 Qe7 45. Rf3 a3 46. c4 Qc5+ 47. Kh1 a2 48.
Raa3 Rf2 49. Bg2 Rxf3 50. Bxf3 Qxa3 0-1

[Event "6th LCT GpA 2012"]
[Site "Leiden NED"]
[Date "2012.07.07"]
[Round "2.19"]
[White "Bodaan, Ton"]
[Black "Zakhartsov, Viacheslav V."]
[Result "0-1"]
[BlackTitle "GM"]
[WhiteElo "1884"]
[BlackElo "2547"]
[WhiteFideId "1028529"]
[BlackFideId "4115333"]
[EventDate "2012.07.06"]

1. e4 c5 2. d4 cxd4 3. c3 Nf6 4. e5 Nd5 5. Nf3 e6 6. cxd4 d6 7. Nc3 Nxc3 8. bxc3
Qc7 9. Qb3 Nc6 10. exd6 Bxd6 11. Bb5 O-O 12. O-O b6 13. Bxc6 Qxc6 14. Ba3 Bxa3
15. Qxa3 Bb7 16. Rac1 Rfd8 17. Qe7 Rd5 18. Rfe1 h6 19. c4 Rxd4 20. Rcd1 Rg4 21.
Re3 Re8 22. Rd8 Rxd8 23. Qxd8+ Kh7 0-1

[Event "6th LCT GpA 2012"]
[Site "Leiden NED"]
[Date "2012.07.07"]
[Round "2.35"]
[White "De Bruijne, Arian"]
[Black "Segers, Hans"]
[Result "0-1"]
[WhiteElo "1934"]
[BlackElo "2060"]
[WhiteFideId "1039946"]
[BlackFideId "1019350"]
[EventDate "2012.07.06"]

1. Nc3 c5 2. e4 d6 3. Nf3 Nc6 4. d4 cxd4 5. Nxd4 Nf6 6. Be3 g6 7. f3 Bg7 8. Qd2
O-O 9. g4 Be6 10. O-O-O Rc8 11. h4 Qa5 12. a3 Ne5 13. h5 Nxf3 14. Nxf3 Nxg4 15.
Bd4 Bh6 0-1

[Event "6th LCT GpA 2012"]
[Site "Leiden NED"]
[Date "2012.07.08"]
[Round "3.2"]
[White "Van Haastert, Edwin"]
[Black "Socko, Bartosz"]
[Result "0-1"]
[WhiteTitle "IM"]
[BlackTitle "GM"]
[WhiteElo "2440"]
[BlackElo "2629"]
[WhiteFideId "1003992"]
[BlackFideId "1107038"]
[EventDate "2012.07.06"]

1. e4 e6 2. d4 d5 3. Nc3 Nf6 4. e5 Nfd7 5. f4 c5 6. Nf3 Nc6 7. Be3 Be7 8. Qd2
O-O 9. Be2 a6 10. O-O b5 11. a3 Qb6 12. Nd1 a5 13. c3 a4 14. Rb1 Na5 15. Nf2 Bb7
16. Nd3 Nc4 17. Qc1 f6 18. exf6 gxf6 19. Bf2 Kh8 20. Re1 Rae8 21. Bf1 Bd6 22.
Qd1 Qc7 23. dxc5 Nxc5 24. Nxc5 Bxc5 25. Bxc5 Qxc5+ 26. Qd4 Qc7 27. Bxc4 dxc4 28.
Rbd1 Bxf3 29. gxf3 Rd8 30. Qe3 Qg7+ 31. Kh1 Rg8 32. Qe2 Rxd1 33. Rxd1 Qg6 34.
Re1 Rg7 35. Rd1 h6 36. Re1 Rg8 37. Qf2 Qf5 38. Qe3 Qc2 39. Qe2 Qxe2 40. Rxe2 Rd8
41. Kg2 Kg7 42. Kg3 Kg6 43. Kh4 Rd3 44. Kg4 h5+ 45. Kg3 Kf5 46. h4 Rd1 47. Rg2
Rd7 48. Re2 Rd8 49. Kh3 Rg8 50. Kh2 Rg7 51. Kh3 Rg6 52. Kh2 Kxf4 53. Rxe6 Kxf3
54. Kh1 Rg4 55. Rxf6+ Rf4 56. Rb6 Kf2 0-1

[Event "6th LCT GpA 2012"]
[Site "Leiden NED"]
[Date "2012.07.08"]
[Round "3.3"]
[White "Howell, David W L"]
[Black "Erwich, Frank"]
[Result "1-0"]
[WhiteTitle "GM"]
[BlackTitle "FM"]
[WhiteElo "2620"]
[BlackElo "2376"]
[WhiteFideId "410608"]
[BlackFideId "1007076"]
[EventDate "2012.07.06"]

1. e4 e5 2. Nf3 Nc6 3. Bb5 Nge7 4. Nc3 Ng6 5. d4 exd4 6. Nxd4 Nxd4 7. Qxd4 c6 8.
Be2 Qb6 9. Qd3 Be7 10. h4 Bxh4 11. g3 Be7 12. f4 d6 13. a3 Bd7 14. Be3 Qc7 15.
O-O-O b6 16. Qc4 Qb7 17. Bh5 Rf8 18. Bd4 b5 19. Qd3 b4 20. axb4 Qxb4 21. Bxg7
Rg8 22. Bd4 Rb8 23. Nb1 Nf8 24. Bc3 Qb6 25. Nd2 Qf2 26. Nc4 Rxg3 27. Nxd6+ Bxd6
28. Qxd6 Qe3+ 29. Kb1 Qb6 30. Bf6 Qb4 31. Qe5+ Be6 32. f5 1-0

[Event "6th LCT GpA 2012"]
[Site "Leiden NED"]
[Date "2012.07.08"]
[Round "3.4"]
[White "De Jong, Jan-Willem"]
[Black "Vorobiov, Evgeny E."]
[Result "1/2-1/2"]
[WhiteTitle "IM"]
[BlackTitle "GM"]
[WhiteElo "2429"]
[BlackElo "2586"]
[WhiteFideId "1008641"]
[BlackFideId "4121341"]
[EventDate "2012.07.06"]

1. d4 Nf6 2. c4 e6 3. Nc3 Bb4 4. Qc2 c5 5. dxc5 Qc7 6. Nf3 a6 7. Bg5 Bxc5 8. e3
Be7 9. Be2 b6 10. O-O Bb7 11. Rfd1 d6 12. Rd2 Nbd7 13. Rad1 Rd8 14. Nd4 O-O 15.
b3 Ne5 16. Bh4 Rfe8 17. Bg3 Rc8 18. Nf3 Nxf3+ 19. Bxf3 Bxf3 20. gxf3 b5 21. Bxd6
Bxd6 22. Rxd6 bxc4 23. Ne4 Nxe4 24. fxe4 Qa5 25. bxc4 Qh5 26. f4 Qf3 27. Re1 1/2-1/2

[Event "6th LCT GpA 2012"]
[Site "Leiden NED"]
[Date "2012.07.08"]
[Round "3.6"]
[White "Van Halderen, Herman"]
[Black "Sundararajan, Kidambi"]
[Result "1/2-1/2"]
[BlackTitle "GM"]
[WhiteElo "2062"]
[BlackElo "2459"]
[WhiteFideId "1026682"]
[BlackFideId "5005370"]
[EventDate "2012.07.06"]

1. d4 Nf6 2. c4 g6 3. Nc3 d5 4. cxd5 Nxd5 5. Bd2 Bg7 6. e4 Nb6 7. Be3 O-O 8. Be2
Nc6 9. Nf3 Bg4 10. d5 Bxf3 11. gxf3 Na5 12. Bd4 Qd6 13. Bxg7 Kxg7 14. Qd2 c6 15.
Nd1 Nac4 16. Bxc4 Nxc4 17. Qc3+ Ne5 18. f4 Qb4 19. Qxb4 Nd3+ 20. Ke2 Nxb4 21. a3
Na6 22. dxc6 bxc6 23. Rc1 c5 24. Ne3 Rab8 25. Rc2 Nc7 26. f5 e6 27. fxg6 hxg6
28. Rd1 Rh8 29. Rd7 Ne8 30. e5 Rxh2 31. Rxa7 Rh5 32. Nc4 Rh4 33. Rc3 Re4+ 34.
Kf3 Rd4 35. a4 g5 36. a5 Kg6 37. a6 Rb4 38. b3 Rd8 39. Ke2 Ng7 40. Nd2 Nf5 41.
Rxc5 Nd4+ 42. Ke1 Nxb3 43. Nxb3 Rxb3 44. Rcc7 Rd5 1/2-1/2

[Event "6th LCT GpA 2012"]
[Site "Leiden NED"]
[Date "2012.07.08"]
[Round "3.8"]
[White "Khenkin, Igor"]
[Black "Ratsma, Midas"]
[Result "1-0"]
[WhiteTitle "GM"]
[WhiteElo "2669"]
[BlackElo "1944"]
[WhiteFideId "4659600"]
[BlackFideId "1032283"]
[EventDate "2012.07.06"]

1. d4 Nf6 2. c4 e6 3. Nc3 Bb4 4. e3 O-O 5. Bd3 d5 6. cxd5 exd5 7. Ne2 b6 8. O-O
Bb7 9. Qc2 Nbd7 10. f3 c5 11. a3 Bxc3 12. Nxc3 Re8 13. Qf2 Qe7 14. Bd2 a6 15.
Qg3 Rac8 16. Bf5 g6 17. Rae1 Rcd8 18. Bh3 Nf8 19. Qh4 Bc8 20. Bxc8 Rxc8 21. dxc5
Rxc5 22. Ne2 Rc2 23. Bc3 Qxe3+ 24. Kh1 g5 25. Qh6 Rxc3 26. bxc3 Ng6 27. Ng1 Qd2
28. Rd1 Qe3 29. Rfe1 Qxe1 30. Rxe1 Rxe1 31. Qxg5 Kg7 32. Qd2 Ra1 33. Qb2 Rd1 34.
Qe2 Rc1 35. Qe3 Rb1 36. g3 Rb3 37. Ne2 Rxa3 38. Nd4 b5 39. Nf5+ Kg8 40. Qd4 Ra1+
41. Kg2 Nh5 42. Qb6 h6 43. Nxh6+ Kh7 44. Nxf7 a5 45. h4 d4 46. Qxd4 a4 47. Qd7
Ng7 48. Ng5+ Kh6 49. Qf7 a3 50. Qg8 Nxh4+ 51. gxh4 Kg6 52. Qf7+ 1-0

[Event "6th LCT GpA 2012"]
[Site "Leiden NED"]
[Date "2012.07.08"]
[Round "3.9"]
[White "Zakhartsov, Viacheslav V."]
[Black "Spaan, Nathanael"]
[Result "1-0"]
[WhiteTitle "GM"]
[WhiteElo "2547"]
[BlackElo "2206"]
[WhiteFideId "4115333"]
[BlackFideId "1006118"]
[EventDate "2012.07.06"]

1. Nf3 Nf6 2. c4 b6 3. Nc3 Bb7 4. d4 e6 5. a3 Ne4 6. Nxe4 Bxe4 7. Nd2 Bb7 8. e4
Qf6 9. d5 h6 10. Bd3 e5 11. O-O Be7 12. b4 O-O 13. Bb2 g5 14. c5 bxc5 15. Nc4 d6
16. bxc5 Na6 17. c6 Bc8 18. Ne3 Nc5 19. Bc2 Qg6 20. f3 h5 21. Kh1 f6 22. Bc3 Rf7
23. Bb4 Kh8 24. Rb1 g4 25. fxg4 hxg4 26. Nf5 Bf8 27. g3 Rh7 28. Rf2 Ba6 29. Bxc5
dxc5 30. d6 cxd6 31. Nxd6 f5 32. Nxf5 Qxc6 33. Qxg4 c4 34. Nh4 Bg7 35. Ng6+ 1-0

[Event "6th LCT GpA 2012"]
[Site "Leiden NED"]
[Date "2012.07.08"]
[Round "3.10"]
[White "Arun Prasad, S."]
[Black "Verstraeten, Reinaert"]
[Result "1-0"]
[WhiteTitle "GM"]
[WhiteElo "2518"]
[BlackElo "2171"]
[WhiteFideId "5011167"]
[BlackFideId "223654"]
[EventDate "2012.07.06"]

1. g3 Nf6 2. Bg2 g6 3. e4 d6 4. d4 Bg7 5. Nc3 O-O 6. Nge2 c5 7. dxc5 dxc5 8. O-O
Na6 9. Bd2 Nd7 10. Qc1 b6 11. Bh6 Bb7 12. Rd1 Qc8 13. Bh3 e6 14. Bxg7 Kxg7 15.
Nb5 Bc6 16. Nec3 Rd8 17. Qf4 Nf6 18. Nd6 Qc7 19. Bf1 b5 20. e5 Nd5 21. Nxd5 Bxd5
22. Bxb5 Nb8 23. Qf6+ Kg8 24. c4 1-0

[Event "6th LCT GpA 2012"]
[Site "Leiden NED"]
[Date "2012.07.08"]
[Round "3.12"]
[White "Wilschut, Peter"]
[Black "Van Der Wiel, John T.H."]
[Result "1/2-1/2"]
[BlackTitle "GM"]
[WhiteElo "2233"]
[BlackElo "2430"]
[WhiteFideId "1007165"]
[BlackFideId "1000020"]
[EventDate "2012.07.06"]

1. c4 Nf6 2. Nc3 e6 3. e4 c5 4. Nf3 Nc6 5. Be2 d5 6. exd5 exd5 7. d4 Be6 8. cxd5
Nxd5 9. Nxd5 Qxd5 10. dxc5 Qxd1+ 11. Bxd1 Bxc5 12. Ba4 O-O 13. Bxc6 bxc6 14. Be3
Bxe3 15. fxe3 Rfb8 16. b3 a5 17. O-O a4 18. Nd4 axb3 19. axb3 Rxa1 20. Rxa1 c5
21. Nc6 Re8 22. b4 cxb4 23. Nxb4 g6 24. Kf2 Rd8 25. Ke1 Rb8 26. Rb1 Bd5 27. g3
Be4 28. Rb2 Rb5 29. Kd2 Rc5 30. Na2 Rd5+ 31. Ke1 Rd3 32. Ke2 Ra3 33. Kd2 Rd3+
34. Ke2 Kg7 35. Nb4 Rc3 36. Na2 Ra3 37. Kd2 Rd3+ 38. Ke2 g5 39. Nc1 Rd6 40. Rb4
f5 41. Rb2 Rc6 42. Nd3 Rh6 43. h4 gxh4 44. gxh4 Rxh4 45. Nf2 Rh2 46. Rb6 Rg2 47.
Kf1 Rg3 48. Nxe4 fxe4 49. Re6 Rg4 50. Re5 Kf6 51. Rh5 Kg6 52. Re5 h5 53. Kf2 h4
54. Re6+ Kf5 55. Rh6 Ke5 56. Rh5+ Kd6 57. Kf1 Rg3 1/2-1/2

[Event "6th LCT GpA 2012"]
[Site "Leiden NED"]
[Date "2012.07.08"]
[Round "3.13"]
[White "Pijpers, Arthur"]
[Black "Oei, Hway Ik"]
[Result "1-0"]
[WhiteElo "2341"]
[BlackElo "2104"]
[WhiteFideId "1019554"]
[BlackFideId "1001035"]
[EventDate "2012.07.06"]

1. e4 c6 2. d4 d5 3. Nd2 dxe4 4. Nxe4 Bf5 5. Ng3 Bg6 6. h4 h6 7. h5 Bh7 8. Nf3
Nd7 9. Bd3 Bxd3 10. Qxd3 e6 11. Bd2 Ngf6 12. O-O-O Qc7 13. Kb1 c5 14. dxc5 Bxc5
15. Ne4 Nxe4 16. Qxe4 Nf6 17. Qe2 Ke7 18. Ne5 Rhd8 19. Nd3 Bd6 20. g4 Rac8 21.
Rc1 Nd5 22. g5 hxg5 23. Bxg5+ f6 24. Rhe1 e5 25. Bd2 Qc4 26. f4 Kf8 27. fxe5
Bxe5 28. Nxe5 fxe5 29. Qxe5 Nf6 30. h6 Qf7 31. hxg7+ Kxg7 32. Rg1+ 1-0

[Event "6th LCT GpA 2012"]
[Site "Leiden NED"]
[Date "2012.07.08"]
[Round "3.14"]
[White "Rijnaarts, Sjef"]
[Black "Kolodkin, Daniil"]
[Result "1-0"]
[WhiteTitle "FM"]
[WhiteElo "2319"]
[BlackElo "1885"]
[WhiteFideId "1014870"]
[BlackFideId "1039776"]
[EventDate "2012.07.06"]

1. d4 Nf6 2. c4 g6 3. f3 d6 4. e4 Bg7 5. Nc3 O-O 6. Bg5 c6 7. Qd2 a6 8. a4 a5 9.
Nge2 Na6 10. h4 h5 11. O-O-O Qb6 12. Kb1 e5 13. d5 Rd8 14. Nc1 Nc5 15. Qc2 Qb4
16. Be2 Bd7 17. Rdg1 Rdc8 18. g4 hxg4 19. fxg4 b5 20. Bxf6 Bxf6 21. dxc6 Bxc6
22. axb5 Bb7 23. g5 Bg7 24. h5 a4 25. hxg6 fxg6 26. N3a2 Qa5 27. Bf3 Rf8 28. Bg2
Rf4 29. Nd3 Bxe4 30. Bxe4 Nxe4 31. Nxf4 Nd2+ 32. Kc1 Nb3+ 33. Kd1 exf4 34. Qd3
Nd4 35. Qxg6 a3 36. b3 Nxb3 37. Qe6+ Kf8 38. Qf5+ Kg8 39. Qd5+ Kf8 40. Rf1 1-0

[Event "6th LCT GpA 2012"]
[Site "Leiden NED"]
[Date "2012.07.08"]
[Round "3.18"]
[White "Goudriaan, Etienne"]
[Black "Sanders, Isaac B"]
[Result "1-0"]
[WhiteTitle "FM"]
[WhiteElo "2375"]
[BlackElo "2100"]
[WhiteFideId "1021150"]
[BlackFideId "417661"]
[EventDate "2012.07.06"]

1. e4 c5 2. Ne2 d6 3. g3 Nc6 4. Bg2 g6 5. c3 Bg4 6. h3 Bd7 7. O-O Bg7 8. d4 cxd4
9. cxd4 e5 10. dxe5 dxe5 11. Nbc3 Nge7 12. Nd5 O-O 13. Bg5 h6 14. Bf6 Rc8 15.
Nec3 Qe8 16. Nb5 Nxd5 17. Bxg7 Kxg7 18. exd5 Nd4 19. Nxd4 exd4 20. Qxd4+ Kg8 21.
Rfe1 Qd8 22. Qxa7 Rc2 23. Qd4 h5 24. Rac1 Rxc1 25. Rxc1 h4 26. Qxh4 Qb6 27. b3
Ra8 28. Rc2 Re8 29. Qf4 Re1+ 30. Kh2 Rd1 31. Rc4 Re1 32. Rc7 Be8 33. d6 Rd1 34.
Rc8 Qb5 35. Qe3 1-0

[Event "6th LCT GpA 2012"]
[Site "Leiden NED"]
[Date "2012.07.08"]
[Round "3.19"]
[White "Koenig, Dirk"]
[Black "Slingerland, Fred"]
[Result "0-1"]
[BlackTitle "IM"]
[WhiteElo "2065"]
[BlackElo "2360"]
[WhiteFideId "4636619"]
[BlackFideId "1002473"]
[EventDate "2012.07.06"]

1. c4 e5 2. g3 Nf6 3. Bg2 d5 4. cxd5 Nxd5 5. Nf3 Nc6 6. O-O Nb6 7. b3 f6 8. Bb2
Nd4 9. e3 Nxf3+ 10. Qxf3 Be7 11. Qh5+ g6 12. Qe2 O-O 13. d4 exd4 14. Rd1 c6 15.
Bxd4 Qc7 16. Nd2 Be6 17. e4 Rad8 18. Nf3 Rd7 19. Bb2 c5 20. Rac1 Rxd1+ 21. Rxd1
Rd8 22. e5 f5 23. Rxd8+ Qxd8 24. Nd2 Qd7 25. f4 a5 26. Bf1 a4 27. Qb5 Qxb5 28.
Bxb5 axb3 29. axb3 g5 30. h3 gxf4 31. gxf4 Nd5 32. Bf1 Nxf4 33. Nc4 b5 34. Ne3
b4 35. Bc4 Bxc4 36. Nxc4 Nxh3+ 37. Kh2 Nf2 38. Bc1 Kf7 39. Be3 Nd3 0-1

[Event "6th LCT GpA 2012"]
[Site "Leiden NED"]
[Date "2012.07.08"]
[Round "3.20"]
[White "Segers, Hans"]
[Black "Van Overdam, Julian"]
[Result "0-1"]
[WhiteElo "2060"]
[BlackElo "2277"]
[WhiteFideId "1019350"]
[BlackFideId "1015303"]
[EventDate "2012.07.06"]

1. e4 c5 2. Nf3 d6 3. d4 cxd4 4. Nxd4 Nf6 5. Nc3 e6 6. Be3 Nc6 7. f3 Be7 8. Qd2
O-O 9. O-O-O d5 10. exd5 Nxd5 11. Nxd5 Qxd5 12. Nxc6 Qxc6 13. Bd3 e5 14. Qa5 Qf6
15. Be4 Bd8 16. Qc3 Bb6 17. g4 Be6 18. h4 Bxe3+ 19. Qxe3 Qe7 20. Kb1 Rfd8 21.
Rxd8+ Rxd8 22. Qxa7 Qd6 23. Bd3 Qd5 24. Rf1 h5 25. b3 hxg4 26. fxg4 Qg2 27. Rg1
Qf3 28. Qc5 e4 29. Bc4 Rc8 30. Qd4 Bxc4 31. bxc4 e3 32. Qd3 Qf2 33. Qf1 Re8 34.
Kb2 Qd2 35. Qe1 Qd4+ 36. Qc3 Qb6+ 37. Qb3 Qf6+ 38. Qc3 Qxh4 39. Re1 e2 40. Qd2
Qxg4 41. Kb3 Qe4 42. Qd3 Qxd3+ 43. cxd3 f5 44. Kc3 f4 45. Kd2 f3 46. d4 Kf7 47.
d5 f2 0-1

[Event "6th LCT GpA 2012"]
[Site "Leiden NED"]
[Date "2012.07.08"]
[Round "3.35"]
[White "Scherpenisse, Kees"]
[Black "Blankert, Willem"]
[Result "0-1"]
[WhiteElo "1965"]
[BlackElo "2030"]
[WhiteFideId "1012010"]
[BlackFideId "1015850"]
[EventDate "2012.07.06"]

1. Nc3 e6 2. e4 d5 3. d3 g6 4. exd5 exd5 5. Bf4 Bg7 6. Qd2 Be6 7. Nf3 Nc6 8. Be2
Nf6 9. h3 Qe7 10. a3 a6 11. O-O O-O 12. Rfe1 Rad8 13. Bf1 Qd7 14. Rad1 Ne7 15.
Ne5 Qc8 16. Qc1 Nf5 17. Bg5 c5 18. Ng4 Nxg4 19. hxg4 Nd4 20. Bxd8 Qxd8 21. Ne2
Bxg4 22. c3 Nf5 23. Qf4 Qh4 24. Ra1 Bh6 25. Qh2 Qxf2+ 26. Kh1 Bxe2 0-1

[Event "6th LCT GpA 2012"]
[Site "Leiden NED"]
[Date "2012.07.09"]
[Round "4.1"]
[White "Socko, Bartosz"]
[Black "Howell, David W L"]
[Result "1/2-1/2"]
[WhiteTitle "GM"]
[BlackTitle "GM"]
[WhiteElo "2629"]
[BlackElo "2620"]
[WhiteFideId "1107038"]
[BlackFideId "410608"]
[EventDate "2012.07.06"]

1. e4 e5 2. Nf3 Nc6 3. Bb5 Nf6 4. O-O Nxe4 5. Re1 Nd6 6. Nxe5 Be7 7. Bf1 Nxe5 8.
Rxe5 O-O 9. d4 Bf6 10. Re1 Re8 11. c3 Rxe1 12. Qxe1 Qe7 13. Qxe7 Bxe7 14. Bd3
Ne8 15. Bf4 d5 16. Nd2 Bd6 17. Re1 Bd7 18. Bxd6 Nxd6 19. f3 Re8 20. Rxe8+ Bxe8
21. Kf2 f6 1/2-1/2

[Event "6th LCT GpA 2012"]
[Site "Leiden NED"]
[Date "2012.07.09"]
[Round "4.4"]
[White "Vorobiov, Evgeny E."]
[Black "Pijpers, Arthur"]
[Result "1-0"]
[WhiteTitle "GM"]
[WhiteElo "2586"]
[BlackElo "2341"]
[WhiteFideId "4121341"]
[BlackFideId "1019554"]
[EventDate "2012.07.06"]

1. d4 d5 2. c4 c6 3. Nf3 Nf6 4. e3 Bg4 5. cxd5 Bxf3 6. Qxf3 cxd5 7. Nc3 Nc6 8.
Bd3 e6 9. O-O Bd6 10. Bd2 O-O 11. Qh3 Ne7 12. g4 Ng6 13. f4 Bb4 14. f5 exf5 15.
gxf5 Ne7 16. Rf2 Kh8 17. Rg2 Rg8 18. Rf1 Nc8 19. Rf4 Bxc3 20. Bxc3 Nd6 21. Rh4
Qb6 22. Kf1 Rae8 23. Rgg4 g6 24. e4 Ndxe4 25. Bxe4 dxe4 26. d5 Rg7 27. fxg6 fxg6
28. Rf4 e3 29. Rxf6 e2+ 30. Kg2 e1=N+ 31. Kh1 Qb5 32. Rxh7+ Rxh7 33. Rf8# 1-0

[Event "6th LCT GpA 2012"]
[Site "Leiden NED"]
[Date "2012.07.09"]
[Round "4.5"]
[White "Luch, Michal"]
[Black "Zakhartsov, Viacheslav V."]
[Result "1/2-1/2"]
[WhiteTitle "IM"]
[BlackTitle "GM"]
[WhiteElo "2426"]
[BlackElo "2547"]
[WhiteFideId "1120042"]
[BlackFideId "4115333"]
[EventDate "2012.07.06"]

1. d4 Nf6 2. c4 g6 3. g3 Bg7 4. Bg2 d5 5. cxd5 Nxd5 6. e4 Nb6 7. Ne2 c5 8. d5
O-O 9. O-O e6 10. Nec3 Na6 11. Na3 exd5 12. exd5 Bf5 13. Be3 Qd7 14. Qb3 Bd3 15.
Rfd1 c4 16. Qb5 Rfd8 17. d6 Qxd6 18. Bxb6 Qxb6 19. Bxb7 Nc7 20. Qxb6 axb6 21.
Bxa8 Rxa8 22. Rac1 Bh6 23. Rxd3 cxd3 24. Rd1 Rd8 25. Nc4 b5 1/2-1/2

[Event "6th LCT GpA 2012"]
[Site "Leiden NED"]
[Date "2012.07.09"]
[Round "4.6"]
[White "Admiraal, Miguoel"]
[Black "Arun Prasad, S."]
[Result "0-1"]
[BlackTitle "GM"]
[WhiteElo "2286"]
[BlackElo "2518"]
[WhiteFideId "1019716"]
[BlackFideId "5011167"]
[EventDate "2012.07.06"]

1. e4 e6 2. d4 d5 3. Nc3 Nf6 4. e5 Nfd7 5. f4 c5 6. Nf3 Nc6 7. Be3 Be7 8. Qd2
O-O 9. dxc5 Nxc5 10. O-O-O Qc7 11. Kb1 a6 12. Qf2 b6 13. Nd4 Bd7 14. h4 Rfc8 15.
Rh3 Nxd4 16. Bxd4 b5 17. Rc1 b4 18. Ne2 Ne4 19. Qe3 Rab8 20. c4 b3 21. Nc3 Qa5
22. axb3 Rxb3 23. Qe1 Bb4 24. Qe2 Rxc4 25. Nxe4 Rxc1+ 26. Kxc1 Rxh3 27. gxh3
Qa1+ 28. Kc2 Bb5 29. Nf6+ Kh8 30. Qh5 Ba4+ 31. b3 Qa2+ 32. Bb2 Qxb3+ 33. Kb1
Qc2+ 34. Ka1 gxf6 35. Qe2 Qxe2 36. Bxe2 f5 37. Bxa6 Bd2 0-1

[Event "6th LCT GpA 2012"]
[Site "Leiden NED"]
[Date "2012.07.09"]
[Round "4.7"]
[White "Van Halderen, Herman"]
[Black "Horvath, Csaba"]
[Result "0-1"]
[BlackTitle "GM"]
[WhiteElo "2062"]
[BlackElo "2507"]
[WhiteFideId "1026682"]
[BlackFideId "700118"]
[EventDate "2012.07.06"]

1. d4 Nf6 2. c4 g6 3. Nc3 Bg7 4. e4 d6 5. Be2 O-O 6. Nf3 c5 7. O-O Re8 8. d5 e6
9. Bg5 h6 10. Bh4 exd5 11. exd5 g5 12. Bg3 Nh5 13. Nd2 Nxg3 14. hxg3 Nd7 15.
Nde4 Ne5 16. f4 gxf4 17. Rxf4 Ng6 18. Rf1 Bd4+ 19. Kh1 Kg7 20. Bh5 Re5 21. Nf6
Bf5 22. Ng4 Bxg4 23. Bxg4 Qg5 24. Qf3 f5 25. Bh3 a6 26. Ne2 Re3 27. Nxd4 cxd4
28. Qxf5 Qxf5 29. Bxf5 Ne5 30. Rad1 d3 31. g4 Nxc4 32. Rxd3 Rxd3 33. Bxd3 Nxb2
34. Be2 Re8 35. Rf2 Na4 36. Kh2 b5 37. Kg3 Re3+ 38. Kf4 Re5 39. Bf3 Nc5 40. Rc2
Kf6 41. Rc3 b4 42. Rc2 a5 43. Rd2 Re1 44. Bd1 Ne4 45. Rd4 Nc3 0-1

[Event "6th LCT GpA 2012"]
[Site "Leiden NED"]
[Date "2012.07.09"]
[Round "4.9"]
[White "Van Overdam, Julian"]
[Black "Khenkin, Igor"]
[Result "0-1"]
[BlackTitle "GM"]
[WhiteElo "2277"]
[BlackElo "2669"]
[WhiteFideId "1015303"]
[BlackFideId "4659600"]
[EventDate "2012.07.06"]

1. e4 c6 2. d4 d5 3. exd5 cxd5 4. c4 Nf6 5. Nc3 g6 6. cxd5 Bg7 7. Bc4 O-O 8.
Nge2 Na6 9. O-O Nc7 10. Qb3 a6 11. a4 b5 12. axb5 axb5 13. Rxa8 bxc4 14. Rxc8
cxb3 15. Rxd8 Rxd8 16. d6 exd6 17. Bf4 Nfd5 18. Nxd5 Nxd5 19. Bg3 f5 20. Rd1 Rc8
21. Bxd6 Rc2 22. Nf4 Nxf4 23. Bxf4 Kf7 24. d5 Bxb2 25. Rb1 Bf6 26. Rxb3 g5 27.
Rb7+ Kg6 28. Rc7 Ra2 29. Bc1 Ra1 30. g4 Bb2 31. gxf5+ Kxf5 32. d6 Bxc1 33. Kg2
Bf4 34. Rxh7 Bxd6 35. Rf7+ Kg6 36. Rf3 Ra4 37. h3 Rf4 38. Rc3 Be5 39. Rc6+ Kh5
40. Rc2 Bd4 41. Kg3 Bb6 42. Re2 Rb4 43. Rc2 Bd4 44. Rd2 Kg6 45. Ra2 Kf5 46. Ra5+
Be5+ 47. Kg2 Rb2 48. Ra3 Bd4 49. Rf3+ Kg6 50. Rf8 Bc5 51. Rf3 Rc2 52. Kg3 Kh5
53. Rf7 Rc3+ 54. Kg2 Kg6 55. Rc7 Rc2 56. h4 gxh4 57. Kh3 Kf5 58. Rf7+ Ke6 59.
Rc7 Kd6 60. Rc8 Kd7 61. Rg8 Bxf2 62. Rg2 Ke6 63. Kh2 Kf5 64. Kh3 Rc3+ 65. Kh2
Bg3+ 66. Kh1 Kg4 67. Rg1 Rc2 68. Rg2 Rc3 69. Rg1 Kf3 70. Rf1+ Bf2 71. Kh2 Rc2
72. Kh3 Ke3 73. Ra1 Bg3 74. Rh1 Kf4 75. Rf1+ Kg5 76. Rf5+ Kg6 77. Rg5+ Kf6 78.
Rf5+ Ke6 79. Rf3 Ke5 80. Rf5+ Kd4 81. Rf3 Ke4 82. Rf1 Rh2+ 83. Kg4 Bf2 84. Ra1
Ke3 85. Ra2 Rh1 86. Rb2 Be1 87. Ra2 Bc3 88. Ra3 Kd3 89. Ra2 h3 90. Rf2 h2 91.
Rf3+ 0-1